LEADER 01123nam2-2200349---450- 001 990003206530203316 005 20090316153556.0 010 $a978-1-4073-0236-2 035 $a000320653 035 $aUSA01000320653 035 $a(ALEPH)000320653USA01 035 $a000320653 100 $a20090316d2008----km-y0itaa50------ba 101 0 $aspa 102 $aUK 105 $aa|||z|||001yy 200 1 $a<> inkario en los valles del sur andino boliviano$elos yamparas entre la arqueología y etnohistoria$fvolumen editado por Sonia Alconini 210 $aOxford$cArchaeopress$d2008 215 $aIV, 144 p.$cill.$d30 cm 225 2 $aBAR International series$v1868 410 0$1001000018484$aBAR International series 607 0 $aBolivia$xZone archeologiche 676 $a984 702 $aALCONINI,$bSonia 801 0$aIT$bsalbc$gISBD 912 $a990003206530203316 951 $aXI.5. Coll. 12/436$b214697 LM$cXI.5. Coll.$d00202766 959 $aBK 969 $aUMA 979 $aSENATORE$b90$c20090316$lUSA01$h1535 996 $aInkario en los valles del sur andino boliviano$91012145 997 $aUNISA LEADER 02062nam 22004453 450 001 9910163953303321 005 20250729080251.0 010 $a1-61750-901-9 035 $a(CKB)3710000001055742 035 $a(VLeBooks)9781617509018 035 $a(MiAaPQ)EBC32215651 035 $a(Au-PeEL)EBL32215651 035 $a(OCoLC)1152211486 035 $a(EXLCZ)993710000001055742 100 $a20250729d1995 uy 0 101 0 $aeng 135 $aurcnu|||||||| 181 $ctxt$2rdacontent 182 $cc$2rdamedia 183 $acr$2rdacarrier 200 10$aWinds of Fortune 205 $a1st ed. 210 1$aNEW YORK :$cNancy Yost Literary Agency,$d1995. 210 4$d©1995. 215 $a1 online resource (1 p.) 225 1 $aTates of Texas Series ;$vv.3 311 08$a0-8217-4831-9 330 $aTates of Texas (#4)"Scorching passion and colorful Texas history." -Romantic Times"Exceptional characters!" -RendezvousVictoria Thompson shares another of her dynamic, passionate Tates of Texas series, Winds of Fortune, and delivers a story that will sweep you back in time - to and reignite your belief in the power of love.Heir to an enormous Texas fortune, ruggedly handsome Sean Tate sets off to join the daring Rough Riders, eager to prove himself as an independent Texas man.But after meeting gentle Maud Campbell, a Clara Barton nurse, Sean's whole world is turned upside down and his priorities have changed...Their love is powerful, passionate, all-consuming...everything they'd ever wanted. But when a reckless lie threatens to destroy what they've shared, Sean must fight to reclaim his fortune...and the love of his life!!. 410 0$aTates of Texas Series 608 $aHistorical fiction.$2gsafd 608 $aLove stories.$2gsafd 700 $aThompson$b Victoria$01232787 712 02$aCopyright Paperback Collection (Library of Congress) 801 0$bMiAaPQ 801 1$bMiAaPQ 801 2$bMiAaPQ 906 $aBOOK 912 $a9910163953303321 996 $aWinds of fortune$92868633 997 $aUNINA